000 00950pam a2200313 4500
001 315693
003 OSt
005 20210417102230.0
008 740305s1974 nyua b 001 0 eng b
010 _a 74004098
020 _a0070163510
040 _aDLC
_cDLC
_dDLC
050 0 0 _aRC348
_b.D44 1974
060 _aWL18 D389t 1974
080 _a616.8
_bD-39
082 0 0 _a616.8/04/75
100 1 _aDeMyer, William,
_d1924-
245 1 0 _aTechnique of the neurologic examination,
_ba programmed text.
250 _a2d ed.
260 _aNew York,
_bMcGraw-Hill
_c[1974]
300 _axix, 444 p.
_billus.
_c28 cm.
500 _a"A Blakiston publication."
504 _aIncludes bibliographies.
650 0 _aNeurologic examination.
650 2 _aNeurologic examination
_xProgrammed texts.
653 _aნევროლოგიური გასინჯვა
906 _a7
_bcbc
_corignew
_d1
_eocip
_f19
_gy-gencatlg
942 _2udc
_cBK
_e2
999 _c149
_d149